000 00590nam a2200229Ia 4500
005 20250425161007.0
008 250425s9999 xx 000 0 und d
020 _a0444421777
041 _aeng
082 _a622.338
100 _aCHILINGARIAN, GEORGE V.
245 0 _aDRILLING AND DRILLING FLUIDS
250 _a1ST ED.
260 _aAMSTERDAM
260 _aPaĆ­ses Bajos, Holanda
_bELSEVIER
_c1983
300 _a799
500 _aDEVELOPMENTS IN PETROLEUM SCIENCE 11
650 _aPOZOS PETROLIFEROS-PERFORACION
700 _aVORABUTR, P.
942 _c01
010 _a10185
999 _c200308
_d200308